| 000 | 00527nam a22001817a 4500 | ||
|---|---|---|---|
| 005 | 20241128113332.0 | ||
| 008 | 241127b ||||| |||| 00| 0 eng d | ||
| 040 | _cAL | ||
| 041 | _aeng | ||
| 082 |
_223 _a378.14 _bSTAA |
||
| 100 |
_aST ALOYSIUS COLLEGE _9187025 |
||
| 245 | _aSt Aloysius College Mangalore: Annual Magazine 1959-1962 | ||
| 260 |
_aMangalore _bSt Aloysius College _c1962 |
||
| 300 |
_a505p. _bHB _c24x18cm. |
||
| 650 |
_aCollege Magazine _9186878 |
||
| 650 |
_a1959 ,1960,1961,1962 _9186879 |
||
| 942 |
_2ddc _cDB |
||
| 999 |
_c232012 _d232012 |
||